00406nam a22001577a 450000500170000000800410001702000260005804000090008404100120009308200150010510000180012024500420013826000260018030000080020665000340021420260423162318.0260423b |||||||| |||| 00| 0 eng d a9788120407039c575.00 aMAIN aEnglish a634.9bDWI aDwivedi, A.P. aAgroforestry Principles And Practice  aNew Delhi bCBSc2022 a363 aEnvironment Science (PM USHA)